<?xml version="1.0" encoding="UTF-8"?>
<record
    xmlns:xsi="http://www.w3.org/2001/XMLSchema-instance"
    xsi:schemaLocation="http://www.loc.gov/MARC21/slim http://www.loc.gov/standards/marcxml/schema/MARC21slim.xsd"
    xmlns="http://www.loc.gov/MARC21/slim">

  <leader>02820nam a2200541Ia 4500</leader>
  <controlfield tag="001">1084</controlfield>
  <controlfield tag="008">241029s9999    xx            000 0 und d</controlfield>
  <datafield tag="010" ind1=" " ind2=" ">
    <subfield code="a">996</subfield>
  </datafield>
  <datafield tag="041" ind1=" " ind2=" ">
    <subfield code="a">Espa&#xF1;ol</subfield>
  </datafield>
  <datafield tag="082" ind1=" " ind2=" ">
    <subfield code="a">MCETE-244</subfield>
  </datafield>
  <datafield tag="245" ind1=" " ind2="0">
    <subfield code="a">Elaboraci&#xF3;n del proyecto educativo para el Colegio Benjam&#xED;n.</subfield>
  </datafield>
  <datafield tag="260" ind1=" " ind2=" ">
    <subfield code="a">Santiago</subfield>
  </datafield>
  <datafield tag="300" ind1=" " ind2=" ">
    <subfield code="a">52</subfield>
  </datafield>
  <datafield tag="520" ind1=" " ind2=" ">
    <subfield code="a">27</subfield>
  </datafield>
  <datafield tag="630" ind1=" " ind2=" ">
    <subfield code="a">Comunidad Educativa</subfield>
  </datafield>
  <datafield tag="630" ind1=" " ind2=" ">
    <subfield code="a">Elaboraci&#xF3;n de Proyectos</subfield>
  </datafield>
  <datafield tag="630" ind1=" " ind2=" ">
    <subfield code="a">Instituciones Educativas</subfield>
  </datafield>
  <datafield tag="650" ind1=" " ind2=" ">
    <subfield code="a">Administraci&#xF3;n de la Educaci&#xF3;n</subfield>
  </datafield>
  <datafield tag="690" ind1=" " ind2=" ">
    <subfield code="a">Sintetizado</subfield>
  </datafield>
  <datafield tag="700" ind1=" " ind2=" ">
    <subfield code="e">asesor</subfield>
    <subfield code="a">Burgos, Pura</subfield>
  </datafield>
  <datafield tag="700" ind1=" " ind2=" ">
    <subfield code="e">autor</subfield>
    <subfield code="a">Abr&#xE9;u Paulino, Raquel Luc&#xED;a</subfield>
  </datafield>
  <datafield tag="901" ind1=" " ind2=" ">
    <subfield code="a">{"1":"Abr&#xE9;u Paulino"}</subfield>
    <subfield code="b">{"1":"Raquel Luc&#xED;a"}</subfield>
  </datafield>
  <datafield tag="902" ind1=" " ind2=" ">
    <subfield code="a">1</subfield>
  </datafield>
  <datafield tag="903" ind1=" " ind2=" ">
    <subfield code="a">{"1":"Burgos"}</subfield>
    <subfield code="b">{"1":"Pura"}</subfield>
  </datafield>
  <datafield tag="904" ind1=" " ind2=" ">
    <subfield code="a">Mag&#xED;ster en</subfield>
  </datafield>
  <datafield tag="905" ind1=" " ind2=" ">
    <subfield code="a">Ciencias de la Educaci&#xF3;n</subfield>
  </datafield>
  <datafield tag="906" ind1=" " ind2=" ">
    <subfield code="a">1</subfield>
  </datafield>
  <datafield tag="907" ind1=" " ind2=" ">
    <subfield code="a">Menci&#xF3;n en</subfield>
  </datafield>
  <datafield tag="908" ind1=" " ind2=" ">
    <subfield code="a">Administraci&#xF3;n Escolar</subfield>
  </datafield>
  <datafield tag="909" ind1=" " ind2=" ">
    <subfield code="a">Universidad Tecnol&#xF3;gica de Santiago (UTESA), Campus Central Herrera</subfield>
  </datafield>
  <datafield tag="910" ind1=" " ind2=" ">
    <subfield code="a">NULL</subfield>
    <subfield code="b">NULL</subfield>
  </datafield>
  <datafield tag="911" ind1=" " ind2=" ">
    <subfield code="a">["1"]</subfield>
  </datafield>
  <datafield tag="912" ind1=" " ind2=" ">
    <subfield code="a">NO APLICA</subfield>
  </datafield>
  <datafield tag="913" ind1=" " ind2=" ">
    <subfield code="a">NULL</subfield>
  </datafield>
  <datafield tag="914" ind1=" " ind2=" ">
    <subfield code="a">01 de Septiembre de 2008</subfield>
  </datafield>
  <datafield tag="915" ind1=" " ind2=" ">
    <subfield code="a">19/12/19 11:12</subfield>
  </datafield>
  <datafield tag="916" ind1=" " ind2=" ">
    <subfield code="a">NULL</subfield>
  </datafield>
  <datafield tag="917" ind1=" " ind2=" ">
    <subfield code="a">NULL</subfield>
  </datafield>
  <datafield tag="918" ind1=" " ind2=" ">
    <subfield code="a">NO APLICA</subfield>
  </datafield>
  <datafield tag="919" ind1=" " ind2=" ">
    <subfield code="a">["45","86","121"]</subfield>
  </datafield>
  <datafield tag="520" ind1=" " ind2=" ">
    <subfield code="a">El prop&#xF3;sito principal del estudio consisti&#xF3; en dise&#xF1;ar un proyecto de Centro Educativo para el Colegio Benjam&#xED;n, con el prop&#xF3;sito de proporcionar un marco global de referencia a la Instituci&#xF3;n escolar, que permita la actuaci&#xF3;n coordinada y eficaz de toda su comunidad educativa en general. El estudio fue de tipo descriptivo-bibliogr&#xE1;fico y se fundament&#xF3; en el m&#xE9;todo de an&#xE1;lisis de contenido y el an&#xE1;lisis documental. Como instrumento se emple&#xF3; una ficha de an&#xE1;lisis. Para la elaboraci&#xF3;n del proyecto se seleccionaron ocho (8) representantes de los sectores que interact&#xFA;an en el colegio.El estudio concluye, que el proyecto servir&#xE1; de gu&#xED;a para que maestros/as y directivos orienten sus acciones desde la implementaci&#xF3;n de una adecuada planeaci&#xF3;n estrat&#xE9;gica de sus objetivos y que el proyecto de Centro tiene implicaciones pr&#xE1;cticas relevantes. Pues presesenta aportes valiosos tendentes a tener una mejor organizaci&#xF3;n del trabajo De forma tal, que garantice que se ejecute de acuerdo con las normas establecidas y seg&#xFA;n el plan previsto, con lo cual se elevar&#xE1; la Calidad de la Educaci&#xF3;n en el colegio, repercutiendo no s&#xF3;lo en la Instituci&#xF3;n, sino en toda la sociedad.El estudio sugiere, que los/as maestros/as y directivos utilicen el proyecto de Centro como gu&#xED;a para orientar sus acciones y, de este modo, contribuir a elevar la calidad del proceso ense&#xF1;anza-aprendizaje en el colegio.</subfield>
  </datafield>
  <datafield tag="921" ind1=" " ind2=" ">
    <subfield code="a">11</subfield>
  </datafield>
  <datafield tag="922" ind1=" " ind2=" ">
    <subfield code="a">11</subfield>
  </datafield>
  <datafield tag="923" ind1=" " ind2=" ">
    <subfield code="a">0</subfield>
  </datafield>
  <datafield tag="924" ind1=" " ind2=" ">
    <subfield code="a">NO APLICA</subfield>
  </datafield>
  <datafield tag="942" ind1=" " ind2=" ">
    <subfield code="c">Tesis</subfield>
  </datafield>
  <datafield tag="999" ind1=" " ind2=" ">
    <subfield code="c">996</subfield>
    <subfield code="d">996</subfield>
  </datafield>
</record>
